[Event "DEM U16 2006"]
[Site "Willingen GER"]
[Date "2006.06.04"]
[Round "2"]
[White "Werthebach, Felix"]
[Black "Müller, Jan-Hendrik"]
[Result "1/2-1/2"]
[Termination "normal"]
[Board "8"]
[WhiteElo "2081"]
[BlackElo "1978"]
[PlyCount "74"]
[WhiteFideId "24609684"]
[BlackFideId "24615048"]
[EventCountry "GER"]
[EventRounds "9"]
[EventType "swiss"]
[EventDate "2006.06.03"]

1. c4 Nf6 2. g3 g6 3. Bg2 Bg7 4. Nc3 c5 5. a3 Nc6 6. Rb1 a5 7. d3 O-O 8. Nf3 d5
9. Nxd5 Nxd5 10. cxd5 Qxd5 11. O-O Qd6 12. Be3 Ra6 13. Qc2 Nd4 14. Nxd4 cxd4
15. Bd2 b5 16. Rbc1 Bf5 17. Qc5 Qb8 18. Qc7 Rc8 19. Qxb8 Rxb8 20. Rc7 e5 21.
Bd5 Be6 22. Bxe6 fxe6 23. Rfc1 a4 24. Rd7 h5 25. Bb4 Raa8 26. Rcc7 Bf6 27. Rf7
Bh8 28. Rfe7 Ra6 29. Rh7 e4 30. dxe4 e5 31. f4 exf4 32. gxf4 Rf6 33. f5 gxf5
34. exf5 Rxf5 35. Rhe7 Rd8 36. Red7 Rxd7 37. Rxd7 Bf6 1/2-1/2

[Event "DEM U16 2006"]
[Site "Willingen GER"]
[Date "2006.06.04"]
[Round "2"]
[White "Schlötzer, Waldemar"]
[Black "Falke, Isaak"]
[Result "1-0"]
[Termination "normal"]
[Board "9"]
[WhiteElo "2094"]
[BlackElo "1944"]
[PlyCount "89"]
[WhiteFideId "24602140"]
[BlackFideId "24614483"]
[EventCountry "GER"]
[EventRounds "9"]
[EventType "swiss"]
[EventDate "2006.06.03"]

1. d4 d5 2. c4 c6 3. Nc3 Nf6 4. Nf3 e6 5. Bg5 Nbd7 6. cxd5 exd5 7. e3 Bd6 8.
Bd3 O-O 9. Qc2 h6 10. Bh4 Qc7 11. O-O b6 12. Rac1 a6 13. e4 Bf4 14. e5 Bxc1 15.
Rxc1 Nh5 16. Nxd5 Qb7 17. Ne7+ Kh8 18. Be4 Nb8 19. Nxc6 Qd7 20. e6 Qxe6 21. Ne7
g5 22. Nxc8 Nc6 23. d5 Qxc8 24. Qxc6 Qxc6 25. dxc6 f5 26. Bd5 Nf4 27. Bc4 gxh4
28. g3 hxg3 29. hxg3 Ng6 30. Be6 Kg7 31. c7 Ne7 32. Nd4 Kf6 33. f4 h5 34. Kf2
Rfe8 35. Bd7 Rh8 36. Nxf5 Nxf5 37. Rc6+ Nd6 38. Rxd6+ Ke7 39. Rd2 Rhd8 40.
cxd8=Q+ Rxd8 41. Kf3 Rxd7 42. Rxd7+ Kxd7 43. g4 hxg4+ 44. Kxg4 Ke7 45. Kg5 1-0

[Event "DEM U16 2006"]
[Site "Willingen GER"]
[Date "2006.06.04"]
[Round "2"]
[White "Savchenko, Aleksij"]
[Black "Heider, Martin"]
[Result "0-1"]
[Termination "normal"]
[Board "10"]
[WhiteElo "2074"]
[BlackElo "1944"]
[PlyCount "82"]
[WhiteFideId "24611727"]
[EventCountry "GER"]
[EventRounds "9"]
[EventType "swiss"]
[EventDate "2006.06.03"]

1. d4 Nf6 2. c4 e5 3. dxe5 Ng4 4. e3 Nxe5 5. Nc3 Nbc6 6. f4 Ng6 7. Nf3 Bc5 8.
a3 a5 9. g3 O-O 10. Bg2 d6 11. O-O Re8 12. Nd5 Nce7 13. Nd4 Nxd5 14. cxd5 Ne7
15. Re1 Nf5 16. Nc2 Bd7 17. b3 Qf6 18. Kh1 Re7 19. Rb1 Rae8 20. Qd3 Qg6 21. Qc3
Bb6 22. Bd2 Bxe3 23. Nxe3 Nxe3 24. Bxe3 Rxe3 25. Qxa5 Qc2 26. Rec1 Rxb3 27.
Rxc2 Rxb1+ 28. Bf1 Bh3 29. Rf2 Bxf1 30. h4 b6 31. Qd2 Bc4+ 32. Kg2 Ree1 33. Kh3
Rbd1 34. Qc2 Bxd5 35. Kg4 c5 36. Re2 Rxe2 37. Qxe2 Be6+ 38. f5 Rd4+ 39. Kg5 h6+
40. Kh5 Kh7 41. Qc2 Bxf5 0-1

[Event "DEM U16 2006"]
[Site "Willingen GER"]
[Date "2006.06.04"]
[Round "2"]
[White "Isakson, Alex"]
[Black "Fink, Leander"]
[Result "1-0"]
[Termination "normal"]
[Board "12"]
[WhiteElo "1905"]
[BlackElo "1997"]
[PlyCount "96"]
[WhiteFideId "24637351"]
[BlackFideId "24605247"]
[EventCountry "GER"]
[EventRounds "9"]
[EventType "swiss"]
[EventDate "2006.06.03"]

1. e4 c5 2. Nf3 Nc6 3. d4 cxd4 4. Nxd4 e5 5. Nb5 d6 6. N1c3 a6 7. Na3 b5 8. Nd5
Nf6 9. Bg5 Be7 10. Bxf6 Bxf6 11. c3 Bg5 12. Nc2 O-O 13. a4 bxa4 14. Rxa4 a5 15.
Bc4 Rb8 16. b3 Kh8 17. O-O g6 18. Nce3 Be6 19. Qe2 f5 20. exf5 gxf5 21. f4 exf4
22. Nxf4 Bxc4 23. Qxc4 Qb6 24. Nfd5 Bxe3+ 25. Kh1 Qc5 26. Nxe3 f4 27. Nd5 f3
28. gxf3 Qxc4 29. bxc4 Rb2 30. f4 Ne5 31. h3 Nd3 32. Rg1 Re8 33. Rxa5 Ne1 34.
Ra1 Nf3 35. Rg2 Reb8 36. Rf1 Rb1 37. Rgf2 Rxf1+ 38. Rxf1 Nd2 39. Rf2 Ne4 40.
Rg2 Rc8 41. f5 Rf8 42. Ne3 Nxc3 43. Rd2 Ne4 44. Rd4 Ng3+ 45. Kh2 Nxf5 46. Rf4
Nxe3 47. Rxf8+ Kg7 48. Rf4 d5 1-0

[Event "DEM U16 2006"]
[Site "Willingen GER"]
[Date "2006.06.04"]
[Round "2"]
[White "Rudolf, Sebastian"]
[Black "Becker, Carsten"]
[Result "1/2-1/2"]
[Termination "normal"]
[Board "13"]
[WhiteElo "1989"]
[BlackElo "1840"]
[PlyCount "65"]
[WhiteFideId "24609390"]
[BlackFideId "24646822"]
[EventCountry "GER"]
[EventRounds "9"]
[EventType "swiss"]
[EventDate "2006.06.03"]

1. e4 e6 2. d4 c5 3. Nf3 a6 4. d5 exd5 5. exd5 d6 6. c4 Nf6 7. Bd3 Be7 8. h3
O-O 9. Nc3 Nbd7 10. O-O Re8 11. b3 Bf8 12. Bf4 g6 13. Qd2 Nh5 14. Bh2 Ndf6 15.
g4 Ng7 16. Ng5 h5 17. f3 Nh7 18. Nxh7 Kxh7 19. Qc2 f5 20. Ne2 Qf6 21. Ng3 Bd7
22. gxh5 Nxh5 23. Nxh5 gxh5 24. Kh1 Bh6 25. Rae1 Re3 26. Bg1 Ree8 27. Bh2 Bg5
28. Bg3 Be3 29. Re2 Kh6 30. f4 h4 31. Bh2 Bd4 32. Rfe1 Rxe2 33. Rxe2 1/2-1/2

[Event "DEM U16 2006"]
[Site "Willingen GER"]
[Date "2006.06.04"]
[Round "2"]
[White "Seemann, Semjon"]
[Black "Schwenke, Vincent"]
[Result "1-0"]
[Termination "normal"]
[Board "14"]
[WhiteElo "1950"]
[BlackElo "1794"]
[PlyCount "57"]
[WhiteFideId "24624080"]
[BlackFideId "24620467"]
[EventCountry "GER"]
[EventRounds "9"]
[EventType "swiss"]
[EventDate "2006.06.03"]

1. e4 c6 2. d4 d5 3. Nc3 dxe4 4. Nxe4 Bf5 5. Ng3 Bg6 6. Bc4 e6 7. N1e2 Nf6 8.
O-O Be7 9. f4 O-O 10. f5 exf5 11. Nxf5 Nbd7 12. Neg3 Nb6 13. Bd3 Bd6 14. Qf3
Bxg3 15. Qxg3 Re8 16. c3 Nbd5 17. Bg5 Qd7 18. Qh4 Re6 19. Rad1 Rae8 20. c4 Nb4
21. Nxg7 Nxd3 22. Nxe6 Qxe6 23. Bxf6 Qe3+ 24. Kh1 Re4 25. Qh3 h5 26. Rxd3 Qe2
27. Qf3 Qxb2 28. Re3 Rxe3 29. Qxe3 1-0

[Event "DEM U16 2006"]
[Site "Willingen GER"]
[Date "2006.06.05"]
[Round "3"]
[White "Lubbe, Nikolas"]
[Black "Baldauf, Marco"]
[Result "1/2-1/2"]
[Termination "normal"]
[Board "1"]
[WhiteElo "2263"]
[BlackElo "2128"]
[PlyCount "84"]
[WhiteFideId "4694031"]
[BlackFideId "4688210"]
[EventCountry "GER"]
[EventRounds "9"]
[EventType "swiss"]
[EventDate "2006.06.03"]

1. e4 c5 2. Nf3 e6 3. d4 cxd4 4. Nxd4 a6 5. Bd3 Bc5 6. Nb3 Ba7 7. O-O Ne7 8.
Nc3 Nbc6 9. Qe2 d6 10. Be3 e5 11. f4 exf4 12. Bxa7 Rxa7 13. Nd5 Ng6 14. Qf2 O-O
15. Nd4 Nxd4 16. Qxd4 Ra8 17. Nxf4 Nxf4 18. Rxf4 Be6 19. Raf1 Rc8 20. Kh1 Rc5
21. b3 Qe7 22. a4 Rfc8 23. c4 a5 24. h3 f6 25. Be2 Re5 26. Rd1 Rc6 27. Rf2 Bf7
28. Bf3 Bg6 29. Re2 Kf8 30. Qc3 b6 31. Rd4 Ke8 32. b4 axb4 33. Qxb4 Qc7 34.
Red2 Ke7 35. Rb2 Bf7 36. Be2 Rec5 37. Rc2 Be6 38. Qb3 Kf8 39. Qd3 Ra5 40. Qb3
Ke7 41. Rd1 Rac5 42. Rd4 Ra5 1/2-1/2

[Event "DEM U16 2006"]
[Site "Willingen GER"]
[Date "2006.06.05"]
[Round "3"]
[White "Beck, Frederik"]
[Black "Kaczmarczyk, Dennis"]
[Result "1-0"]
[Termination "normal"]
[Board "2"]
[WhiteElo "2225"]
[BlackElo "2075"]
[PlyCount "107"]
[WhiteFideId "4687388"]
[BlackFideId "24608297"]
[EventCountry "GER"]
[EventRounds "9"]
[EventType "swiss"]
[EventDate "2006.06.03"]

1. e4 e6 2. d4 d5 3. Nc3 dxe4 4. Nxe4 Bd7 5. Bd3 Bc6 6. Nf3 Nd7 7. O-O Ngf6 8.
Qe2 Be7 9. Neg5 h6 10. Nh3 O-O 11. Ne5 Nxe5 12. dxe5 Nd7 13. Rd1 Qc8 14. Nf4
Rd8 15. Nh5 Bf8 16. Bf4 Nc5 17. Qg4 Kh8 18. Bc4 Be4 19. Be3 Bf5 20. Qe2 c6 21.
Ng3 Bg6 22. a4 Qc7 23. Bd4 Rd7 24. a5 Rad8 25. c3 b5 26. axb6 axb6 27. Re1 b5
28. b4 bxc4 29. bxc5 Bd3 30. Qe3 Rd5 31. Nh5 Qb7 32. Nf4 R5d7 33. Ra5 Qb3 34.
Rea1 Bf5 35. h3 Rb7 36. Ra6 Qb2 37. R6a2 Qb3 38. Ra6 Rc8 39. Nh5 Bb1 40. Kh2
Qc2 41. Rb6 Rxb6 42. cxb6 Qb2 43. Ra7 Bg6 44. Nf4 Kh7 45. Rc7 Rxc7 46. bxc7 Qb7
47. Nxg6 fxg6 48. Bb6 Be7 49. Qd4 Bg5 50. g3 h5 51. h4 Bh6 52. Qc5 g5 53. Qf8
g6 54. c8=Q 1-0

[Event "DEM U16 2006"]
[Site "Willingen GER"]
[Date "2006.06.05"]
[Round "3"]
[White "Carlstedt, Jonathan"]
[Black "Klein, Felix"]
[Result "0-1"]
[Termination "normal"]
[Board "3"]
[WhiteElo "2094"]
[BlackElo "2176"]
[PlyCount "128"]
[WhiteFideId "24614386"]
[BlackFideId "24600458"]
[EventCountry "GER"]
[EventRounds "9"]
[EventType "swiss"]
[EventDate "2006.06.03"]

1. c4 e6 2. Nf3 d5 3. g3 dxc4 4. Bg2 Nd7 5. Nc3 Ngf6 6. O-O c6 7. Qc2 Be7 8.
Rd1 O-O 9. d3 cxd3 10. Rxd3 Nd5 11. a3 Nxc3 12. Qxc3 Bf6 13. Qc2 Qe7 14. Be3 e5
15. Rd2 Re8 16. Rad1 Nf8 17. Bc5 Qc7 18. Bd6 Qb6 19. Bc5 Qc7 20. Bd6 Qb6 21.
Bc5 Qa6 22. e3 Bg4 23. h3 Bxf3 24. Bxf3 Be7 25. Bxe7 Rxe7 26. Rd8 Re8 27. Rxa8
Rxa8 28. Rd6 Qa5 29. Qd3 Re8 30. Bg4 g6 31. h4 Qc5 32. Kh2 a5 33. Qd2 Kg7 34.
h5 e4 35. hxg6 hxg6 36. b4 axb4 37. axb4 Qe5 38. Kg2 Nh7 39. Qd4 Qxd4 40. Rxd4
Nf8 41. Kf1 f5 42. Be2 Kf6 43. Ke1 Ke7 44. Rc4 Nd7 45. b5 c5 46. g4 Ra8 47.
gxf5 gxf5 48. Rc2 Ra5 49. Rb2 Ne5 50. b6 Nd3+ 51. Bxd3 exd3 52. Kd2 c4 53. Kc3
Rc5 54. f3 Kd6 55. Rh2 Kc6 56. Rh6+ Kb5 57. f4 Rd5 58. Rh1 d2 59. Rd1 Rd3+ 60.
Kc2 Kxb6 61. Rxd2 Rxd2+ 62. Kxd2 Kc5 63. e4 fxe4 64. Ke3 c3 0-1

[Event "DEM U16 2006"]
[Site "Willingen GER"]
[Date "2006.06.05"]
[Round "3"]
[White "Tereick, Benjamin"]
[Black "Dinger, Florian"]
[Result "1-0"]
[Termination "normal"]
[Board "4"]
[WhiteElo "2238"]
[BlackElo "2205"]
[PlyCount "101"]
[WhiteFideId "24607541"]
[BlackFideId "24605573"]
[EventCountry "GER"]
[EventRounds "9"]
[EventType "swiss"]
[EventDate "2006.06.03"]

1. Nf3 d6 2. d4 Bg4 3. e3 Nf6 4. b3 Nbd7 5. Be2 e5 6. O-O Be7 7. c4 O-O 8. Bb2
Bxf3 9. Bxf3 c6 10. Nc3 Qc7 11. Qd2 Rfe8 12. g3 Bf8 13. e4 g6 14. Bg2 Bg7 15.
Rad1 Rad8 16. d5 c5 17. f4 a6 18. f5 Qa5 19. a4 Qb4 20. Qc2 Qa5 21. Bc1 h6 22.
Bd2 Qc7 23. fxg6 fxg6 24. Qc1 Kh7 25. Rf3 Rf8 26. Rdf1 Ng8 27. Bh3 Rxf3 28.
Rxf3 Rf8 29. Qf1 Rxf3 30. Qxf3 Ngf6 31. Nd1 Nf8 32. Ne3 a5 33. Nd1 b6 34. Bg2
Qd7 35. Nf2 Qe7 36. h4 Kg8 37. Bh3 Qf7 38. Kg2 N6d7 39. Qe2 Nf6 40. g4 N6d7 41.
g5 h5 42. Nd1 Nb8 43. Nc3 Na6 44. Nb5 Qe7 45. Qf3 Kh8 46. Kg3 Nh7 47. Be6 Bf8
48. Nxd6 Nc7 49. Nc8 Qd8 50. Qf7 Nxe6 51. Qxe6 1-0

[Event "DEM U16 2006"]
[Site "Willingen GER"]
[Date "2006.06.05"]
[Round "3"]
[White "Schneider, David"]
[Black "Isakson, Alex"]
[Result "1-0"]
[Termination "normal"]
[Board "5"]
[WhiteElo "2188"]
[BlackElo "1905"]
[PlyCount "119"]
[WhiteFideId "4697111"]
[BlackFideId "24637351"]
[EventCountry "GER"]
[EventRounds "9"]
[EventType "swiss"]
[EventDate "2006.06.03"]

1. e4 c5 2. Nf3 e6 3. b3 b6 4. d4 cxd4 5. Nxd4 Bb7 6. Nb5 Bxe4 7. N1c3 Bc6 8.
Bf4 Na6 9. Qd2 Nf6 10. Bd6 Bxb5 11. Bxb5 Nc5 12. Bxf8 Rxf8 13. O-O a6 14. Be2
Rh8 15. Qd4 Kf8 16. b4 Nb7 17. Na4 d5 18. Qxb6 Qxb6 19. Nxb6 Rb8 20. c4 dxc4
21. Nxc4 Nd5 22. Bf3 Nxb4 23. Rab1 Nd8 24. Rfd1 Ke7 25. a3 Nbc6 26. Nb6 e5 27.
h4 Ke6 28. Bd5+ Kf5 29. Rd3 Nd4 30. f3 f6 31. g4+ Kg6 32. h5+ Kg5 33. Kf2 N8e6
34. Bxe6 Nxe6 35. Rd7 Rhe8 36. a4 Kh6 37. a5 Nd4 38. Rc1 Nb5 39. Nd5 Red8 40.
Ne3 g6 41. Rxd8 Rxd8 42. Rc6 Rd6 43. Rb6 Rxb6 44. axb6 Nd6 45. Nc4 Nb7 46. hxg6
hxg6 47. Ke3 Nc5 48. Na5 f5 49. b7 Nxb7 50. Nxb7 fxg4 51. fxg4 Kg5 52. Kf3 e4+
53. Kg3 e3 54. Nc5 e2 55. Ne4+ Kh6 56. Kf2 Kg7 57. Kxe2 Kf7 58. Ke3 a5 59. Nc5
Kf6 60. Kf4 1-0

[Event "DEM U16 2006"]
[Site "Willingen GER"]
[Date "2006.06.05"]
[Round "3"]
[White "Müller, Jan-Hendrik"]
[Black "Müller, Reinhold"]
[Result "0-1"]
[Termination "normal"]
[Board "6"]
[WhiteElo "1978"]
[BlackElo "2114"]
[PlyCount "66"]
[WhiteFideId "24615048"]
[BlackFideId "24605875"]
[EventCountry "GER"]
[EventRounds "9"]
[EventType "swiss"]
[EventDate "2006.06.03"]

1. e4 e6 2. d3 d5 3. Nd2 Nf6 4. Ngf3 Be7 5. g3 O-O 6. Bg2 c5 7. O-O Nc6 8. Re1
Qc7 9. e5 Nd7 10. Qe2 b6 11. Nf1 Ba6 12. Bf4 Rac8 13. h4 Rfe8 14. Ng5 Bxg5 15.
hxg5 c4 16. Qd2 cxd3 17. cxd3 Nc5 18. d4 Nd3 19. Re3 Ncb4 20. Rd1 Qd7 21. Rxd3
Nxd3 22. Ne3 Qa4 23. a3 Qxd4 24. Bf1 Qxb2 25. Qxb2 Nxb2 26. Bxa6 Nxd1 27. Nxd1
Rc5 28. a4 Re7 29. Bd3 Rec7 30. Bd2 Rc1 31. Bxc1 Rxc1 32. Be2 Ra1 33. Kg2 Rxa4
0-1

[Event "DEM U16 2006"]
[Site "Willingen GER"]
[Date "2006.06.05"]
[Round "3"]
[White "Seemann, Semjon"]
[Black "Schlötzer, Waldemar"]
[Result "0-1"]
[Termination "normal"]
[Board "7"]
[WhiteElo "1950"]
[BlackElo "2094"]
[PlyCount "68"]
[WhiteFideId "24624080"]
[BlackFideId "24602140"]
[EventCountry "GER"]
[EventRounds "9"]
[EventType "swiss"]
[EventDate "2006.06.03"]

1. e4 c5 2. Nf3 Nc6 3. d4 cxd4 4. Nxd4 Nf6 5. Nc3 e5 6. Ndb5 d6 7. Bg5 a6 8.
Na3 b5 9. Bxf6 gxf6 10. Nd5 f5 11. c3 Bg7 12. exf5 Bxf5 13. Nc2 O-O 14. Nce3
Be6 15. Bd3 f5 16. Qh5 e4 17. Bc2 Ne7 18. Nf4 Bf7 19. Bb3 d5 20. Qh3 b4 21.
Nxf5 Nxf5 22. Qxf5 bxc3 23. O-O cxb2 24. Rad1 d4 25. Ne6 Bxe6 26. Qxe6+ Kh8 27.
Qxe4 Qe8 28. Qc2 d3 29. Qxd3 Rd8 30. Qxa6 Rxd1 31. Rxd1 Qe4 32. Qf1 Bd4 33. Re1
Qxe1 34. Qxe1 Bxf2+ 0-1

[Event "DEM U16 2006"]
[Site "Willingen GER"]
[Date "2006.06.05"]
[Round "3"]
[White "Heider, Martin"]
[Black "Ohme, Melanie"]
[Result "0-1"]
[Termination "normal"]
[Board "8"]
[WhiteElo "1944"]
[BlackElo "2081"]
[PlyCount "120"]
[BlackFideId "4690745"]
[EventCountry "GER"]
[EventRounds "9"]
[EventType "swiss"]
[EventDate "2006.06.03"]

1. e4 c5 2. Nf3 e6 3. d4 cxd4 4. Nxd4 a6 5. Bd3 Bc5 6. Nb3 Ba7 7. Qe2 Nc6 8.
Be3 Nge7 9. Nc3 d6 10. O-O O-O 11. f4 Ng6 12. Bxa7 Rxa7 13. f5 Nge5 14. Qh5
Nxd3 15. cxd3 g6 16. Qh6 exf5 17. Nd5 f6 18. exf5 Bxf5 19. Qh4 b5 20. Nd4 Nxd4
21. Qxd4 Raf7 22. Rae1 Bd7 23. b4 Bc6 24. Re6 Bxd5 25. Qxd5 Kg7 26. Rxd6 Qa8
27. Qd4 Qa7 28. Qxa7 Rxa7 29. Rc6 a5 30. bxa5 Rxa5 31. Rc2 f5 32. Kf2 Rfa8 33.
Ra1 Ra3 34. Ke2 b4 35. Rb1 Rxa2 36. Rxa2 Rxa2+ 37. Kf3 Ra4 38. Ke3 Kf6 39. Kd4
Ra2 40. Rg1 Rb2 41. Kc4 Ke5 42. d4+ Kd6 43. h3 Rc2+ 44. Kxb4 Kd5 45. Kb3 Rc7
46. Rd1 Rc4 47. Re1 Rxd4 48. Re7 Rd3+ 49. Kc2 Rg3 50. Re2 Kd4 51. Kd2 Rd3+ 52.
Ke1 Re3 53. Kf2 Rxe2+ 54. Kxe2 Ke4 55. g3 g5 56. Kf2 g4 57. Kg2 Ke3 58. Kh1 Kf3
59. Kh2 Kf2 60. Kh1 Kxg3 0-1

[Event "DEM U16 2006"]
[Site "Willingen GER"]
[Date "2006.06.05"]
[Round "3"]
[White "Holgert, Michael"]
[Black "Werthebach, Felix"]
[Result "0-1"]
[Termination "normal"]
[Board "9"]
[WhiteElo "1863"]
[BlackElo "2081"]
[PlyCount "58"]
[WhiteFideId "24668990"]
[BlackFideId "24609684"]
[EventCountry "GER"]
[EventRounds "9"]
[EventType "swiss"]
[EventDate "2006.06.03"]

1. d4 f5 2. e4 fxe4 3. Nc3 Nf6 4. Bg5 g6 5. f3 d5 6. Bxf6 exf6 7. fxe4 dxe4 8.
Nxe4 Qe7 9. Qe2 Bg7 10. O-O-O O-O 11. Qc4+ Kh8 12. Bd3 f5 13. Nc3 Qg5+ 14. Kb1
Qxg2 15. Nge2 Qc6 16. h4 f4 17. h5 g5 18. h6 Bf6 19. Qb4 Qd6 20. Qxd6 cxd6 21.
Nb5 Nc6 22. Nxd6 Be7 23. Nxc8 Raxc8 24. c3 g4 25. Rdf1 Bd6 26. Rh5 f3 27. Ng1
f2 28. Ne2 g3 29. Bf5 Rce8 0-1

[Event "DEM U16 2006"]
[Site "Willingen GER"]
[Date "2006.06.05"]
[Round "3"]
[White "Englert, Fabian"]
[Black "Mangold, Thomas"]
[Result "1-0"]
[Termination "normal"]
[Board "10"]
[WhiteElo "2068"]
[BlackElo "1646"]
[PlyCount "37"]
[WhiteFideId "24614467"]
[BlackFideId "24671665"]
[EventCountry "GER"]
[EventRounds "9"]
[EventType "swiss"]
[EventDate "2006.06.03"]

1. e4 c5 2. Nf3 Nc6 3. d4 cxd4 4. Nxd4 e5 5. Nb5 d6 6. N5c3 a6 7. Na3 f5 8. Bd3
fxe4 9. Bxe4 Be6 10. Nd5 Nge7 11. O-O Bxd5 12. Bxd5 Nxd5 13. Qxd5 Rc8 14. f4
Qc7 15. Bd2 g6 16. Bc3 b5 17. Rad1 b4 18. fxe5 dxe5 19. Bxe5 1-0

[Event "DEM U16 2006"]
[Site "Willingen GER"]
[Date "2006.06.05"]
[Round "3"]
[White "Kalisch, Michael"]
[Black "Rudolf, Sebastian"]
[Result "0-1"]
[Termination "normal"]
[Board "11"]
[WhiteElo "1824"]
[BlackElo "1989"]
[PlyCount "90"]
[BlackFideId "24609390"]
[EventCountry "GER"]
[EventRounds "9"]
[EventType "swiss"]
[EventDate "2006.06.03"]

1. e4 c5 2. c3 d5 3. exd5 Qxd5 4. d4 Nf6 5. Nf3 Bg4 6. dxc5 Qxd1+ 7. Kxd1 e5 8.
b4 e4 9. h3 Bh5 10. g4 Nxg4 11. hxg4 Bxg4 12. Nbd2 exf3 13. Bd3 Nc6 14. Re1+
Kd7 15. Kc2 f6 16. Nc4 g5 17. Ne3 Be6 18. Be4 g4 19. Ba3 Kc7 20. Nd5+ Bxd5 21.
Bxd5 Ne5 22. Bc1 Ng6 23. Re6 f5 24. c6 b6 25. Rf6 Be7 26. Rxf5 Raf8 27. Rxf8
Rxf8 28. Be3 h5 29. Rd1 Ne5 30. Bh6 Rd8 31. Bf4 Bd6 32. b5 Ng6 33. Bg5 Rf8 34.
Be4 Ne5 35. Bh6 Re8 36. Bf4 Nc4 37. Bxd6+ Nxd6 38. Bd3 h4 39. Rg1 Rg8 40. Kd2
g3 41. fxg3 hxg3 42. Ke3 f2 43. Rd1 Re8+ 44. Kf3 Re1 45. Rd2 f1=Q+ 0-1

[Event "DEM U16 2006"]
[Site "Willingen GER"]
[Date "2006.06.05"]
[Round "3"]
[White "Becker, Carsten"]
[Black "Savchenko, Aleksij"]
[Result "1/2-1/2"]
[Termination "normal"]
[Board "12"]
[WhiteElo "1840"]
[BlackElo "2074"]
[PlyCount "31"]
[WhiteFideId "24646822"]
[BlackFideId "24611727"]
[EventCountry "GER"]
[EventRounds "9"]
[EventType "swiss"]
[EventDate "2006.06.03"]

1. d4 c5 2. c3 e6 3. Nf3 Nf6 4. Bf4 Nc6 5. e3 b6 6. Nbd2 Bb7 7. Bd3 cxd4 8.
exd4 Be7 9. O-O O-O 10. h3 d6 11. Qe2 Re8 12. Rfe1 Qd7 13. Rad1 a6 14. Bb1 b5
15. Ne4 Na5 16. Nfg5 1/2-1/2

[Event "DEM U16 2006"]
[Site "Willingen GER"]
[Date "2006.06.05"]
[Round "3"]
[White "Fink, Leander"]
[Black "Glantz, Robert"]
[Result "0-1"]
[Termination "normal"]
[Board "13"]
[WhiteElo "1997"]
[BlackElo "1926"]
[PlyCount "56"]
[WhiteFideId "24605247"]
[BlackFideId "24629596"]
[EventCountry "GER"]
[EventRounds "9"]
[EventType "swiss"]
[EventDate "2006.06.03"]

1. e4 c5 2. Nf3 d6 3. d4 cxd4 4. Nxd4 Nf6 5. f3 Nc6 6. c4 Qb6 7. Nc2 g6 8. Nc3
Bg7 9. Be2 O-O 10. Rb1 Ng4 11. fxg4 Bxc3+ 12. Bd2 Bg7 13. Ne3 f5 14. exf5 gxf5
15. Rf1 Qd4 16. Qb3 f4 17. c5+ Kh8 18. cxd6 Qxd6 19. Nc4 Qc7 20. Qh3 e5 21. Bd3
Bf6 22. g3 Rg8 23. Qh6 Qe7 24. gxf4 exf4+ 25. Kd1 Bxg4+ 26. Kc1 Ne5 27. Bxh7
Bg5 28. Qd6 Qxd6 0-1

[Event "DEM U16 2006"]
[Site "Willingen GER"]
[Date "2006.06.05"]
[Round "3"]
[White "Schwenke, Vincent"]
[Black "Falke, Isaak"]
[Result "1-0"]
[Termination "normal"]
[Board "14"]
[WhiteElo "1794"]
[BlackElo "1944"]
[PlyCount "61"]
[WhiteFideId "24620467"]
[BlackFideId "24614483"]
[EventCountry "GER"]
[EventRounds "9"]
[EventType "swiss"]
[EventDate "2006.06.03"]

1. e4 e5 2. Nc3 Nc6 3. g3 Bc5 4. Bg2 a6 5. Nge2 Nf6 6. O-O d6 7. h3 O-O 8. d3
Be6 9. Be3 Bd4 10. Bxd4 exd4 11. Nb1 Qd7 12. Kh2 d5 13. Nd2 Rad8 14. Nf4 dxe4
15. Nxe6 fxe6 16. Nxe4 Nxe4 17. Bxe4 e5 18. Qd2 b6 19. Rae1 Rde8 20. Qg5 Nd8
21. Qd2 Rf6 22. f4 exf4 23. Rxf4 Rxf4 24. Qxf4 Rf8 25. Bxh7+ Kxh7 26. Qxf8 Nc6
27. a3 Qd5 28. Re4 g5 29. Re8 Qb5 30. Qf7+ Kh6 31. Re6# 1-0

[Event "DEM U16 2006"]
[Site "Willingen GER"]
[Date "2006.06.06"]
[Round "4"]
[White "Klein, Felix"]
[Black "Beck, Frederik"]
[Result "0-1"]
[Termination "normal"]
[Board "1"]
[WhiteElo "2176"]
[BlackElo "2225"]
[PlyCount "32"]
[WhiteFideId "24600458"]
[BlackFideId "4687388"]
[EventCountry "GER"]
[EventRounds "9"]
[EventType "swiss"]
[EventDate "2006.06.03"]

1. e4 c5 2. Nf3 e6 3. d4 cxd4 4. Nxd4 a6 5. Bd3 Nc6 6. Nxc6 dxc6 7. Nd2 e5 8.
O-O Nf6 9. Nc4 Qc7 10. Be3 Be6 11. Bb6 Qb8 12. Qe2 Nd7 13. Rfd1 Bxc4 14. Bxc4
Nxb6 15. Bxf7+ Kxf7 16. Qf3+ Ke8 0-1

[Event "DEM U16 2006"]
[Site "Willingen GER"]
[Date "2006.06.06"]
[Round "4"]
[White "Schneider, David"]
[Black "Lubbe, Nikolas"]
[Result "1-0"]
[Termination "normal"]
[Board "2"]
[WhiteElo "2188"]
[BlackElo "2263"]
[PlyCount "49"]
[WhiteFideId "4697111"]
[BlackFideId "4694031"]
[EventCountry "GER"]
[EventRounds "9"]
[EventType "swiss"]
[EventDate "2006.06.03"]

1. e4 d5 2. exd5 Qxd5 3. Nc3 Qa5 4. d4 Nf6 5. Bc4 Nc6 6. d5 Nb4 7. Bd2 Qc5 8.
Bb5+ Bd7 9. Bxd7+ Kxd7 10. Be3 Qd6 11. Qe2 Rd8 12. a3 Nbxd5 13. Nxd5 Nxd5 14.
Rd1 Kc8 15. c4 e6 16. cxd5 exd5 17. Nf3 c5 18. O-O d4 19. Nxd4 cxd4 20. Rxd4
Qe7 21. Rc1+ Kb8 22. Bf4+ Ka8 23. Rc7 Qf6 24. Qe4 Rb8 25. Qxb7+ 1-0

[Event "DEM U16 2006"]
[Site "Willingen GER"]
[Date "2006.06.06"]
[Round "4"]
[White "Baldauf, Marco"]
[Black "Carlstedt, Jonathan"]
[Result "1/2-1/2"]
[Termination "normal"]
[Board "3"]
[WhiteElo "2128"]
[BlackElo "2094"]
[PlyCount "94"]
[WhiteFideId "4688210"]
[BlackFideId "24614386"]
[EventCountry "GER"]
[EventRounds "9"]
[EventType "swiss"]
[EventDate "2006.06.03"]

1. e4 c5 2. Nf3 d6 3. d4 cxd4 4. Nxd4 Nf6 5. Nc3 g6 6. Be3 Bg7 7. f3 O-O 8. Qd2
Nc6 9. O-O-O d5 10. exd5 Nxd5 11. Nxc6 bxc6 12. Bd4 e5 13. Bc5 Be6 14. Ne4 Re8
15. h4 h6 16. g4 Qc7 17. g5 h5 18. Bc4 Red8 19. Qf2 Qb7 20. b3 a5 21. a4 Nf4
22. Bxe6 Nxe6 23. Nf6+ Bxf6 24. gxf6 Rd5 25. Be7 Qc7 26. Qe3 Kh7 27. Kb1 Nd4
28. Qe4 Rc8 29. Rh2 Nb5 30. Rd3 Rxd3 31. Qxd3 e4 32. Qc4 Qxe7 33. axb5 Qxf6 34.
fxe4 Rd8 35. Rh1 cxb5 36. Qxb5 Qf3 37. Qf1 Qxf1+ 38. Rxf1 Kg7 39. Kb2 Re8 40.
Rf4 f6 41. Kc3 g5 42. hxg5 fxg5 43. Rf5 Kg6 44. Kd3 h4 45. Ke3 a4 46. Kf3 h3
47. Rd5 axb3 1/2-1/2